|
|
|
|
| LEADER |
01314nam a2200337 a 4500 |
| 001 |
EBC3320093 |
| 003 |
MiAaPQ |
| 005 |
20200520144314.0 |
| 006 |
m o d | |
| 007 |
cr cn||||||||| |
| 008 |
130822s2011 gw ad sb 000 0 ger d |
| 020 |
|
|
|z 9783862190782
|
| 020 |
|
|
|z 9783862190799 (e-book)
|
| 035 |
|
|
|a (MiAaPQ)EBC3320093
|
| 035 |
|
|
|a (Au-PeEL)EBL3320093
|
| 035 |
|
|
|a (CaPaEBR)ebr10745882
|
| 035 |
|
|
|a (OCoLC)929118214
|
| 040 |
|
|
|a MiAaPQ
|c MiAaPQ
|d MiAaPQ
|
| 050 |
|
4 |
|a TA749
|b .H67 2011
|
| 100 |
1 |
|
|a Hortkorn, Florian.
|
| 245 |
1 |
0 |
|a Wirksamkeit von flexiblen stabformigen Elementen bei Boschungsstabilisierungen
|h [electronic resource] /
|c Florian Hortkorn.
|
| 260 |
|
|
|a Kassel :
|b University Press GmbH,
|c 2011.
|
| 300 |
|
|
|a ii, 124 p. :
|b ill. (some col.).
|
| 490 |
0 |
|
|a Schriftenreihe Geotechnik Universitat Kassel ;
|v Heft 24, Januar 2011
|
| 504 |
|
|
|a Includes bibliographical references.
|
| 533 |
|
|
|a Electronic reproduction. Ann Arbor, MI : ProQuest, 2015. Available via World Wide Web. Access may be limited to ProQuest affiliated libraries.
|
| 650 |
|
0 |
|a Soil stabilization.
|
| 650 |
|
0 |
|a Slopes (Soil mechanics)
|
| 655 |
|
4 |
|a Electronic books.
|
| 710 |
2 |
|
|a ProQuest (Firm)
|
| 856 |
4 |
0 |
|u https://ebookcentral.proquest.com/lib/matrademy/detail.action?docID=3320093
|z Click to View
|